000 00955nas a2200313 4500
001 BR0303022
003 BR-BrBNA
005 20231205103900.0
007 ta
008 230509b bl.|||p| |||| 00| 00por d
040 _aBR-BrBNA
_bpor
_cBiblioteca Nacional de Agricultura
041 _a(Pt)
072 _aL50
100 1 _aBenesi, F.J.
100 1 _aLeal, M.L. do R.
100 1 _aLisbôa, J.A.N.
100 1 _aCoelho, C.S.
100 1 _aMirandola, R.M.S.
245 1 _aParâmetros bioquímicos para a avaliação da função hepática em bezerras sadias, da raça Holandesa, no primeiro mês de vida
650 _aBEZERRO LEITEIRO
650 _aBIOQUÍMICA ANIMAL
650 _aSORO-SANGUÍNEO
650 _aBÍLIS
650 _aENZIMA
650 _aFÍGADO
773 0 _tCiência Rural (Brazil)
_xISSN 0103-8478
_g(Mar-Apr 2003), v. 33(2) p. 311-317
_wBR0303022
909 _a202311
_bLúcia
_c55
_dLúcia Elande
942 _2AGRIS
_n0
_cANA
999 _c175242
_d175242